| 000 | 00390nam a2200133 4500 | ||
|---|---|---|---|
| 005 | 20260224120739.0 | ||
| 008 | 260224b |||||||| |||| 00| 0 eng d | ||
| 020 | _a0385011164 | ||
| 100 | _aMurray I. Mackay | ||
| 245 |
_aHuman Anatomy Made Simple _c/I. Mackay Murray |
||
| 260 |
_aUnited States of America; _bDoubleday & Company ,inc; _c1969 |
||
| 300 |
_a188p,ill; _c25.5cm |
||
| 942 |
_2lcc _n0 _cBK |
||
| 999 |
_c169 _d169 |
||